000 00625nam a2200181 i 4500
001 36096
003 ES-MaACL
005 20230906155310.0
007 t|
008 030217s1963 sp ||||1| spa d
100 1 _aBromberg, Walter.
_931882
245 1 0 _aCrisol del crimen
_b: (estudio psiquiátrico del homicidio) /
_cWalter Bromberg ; prólogo de José Alguabella Bustillo ; [versión española de Joaquín Merino].
260 _aMadrid :
_bMorata,
_c[1963]
300 _a253 p. :
_b21 cm.
700 1 _aAlguabella Bustillo, José.
_919902
700 1 _aMerino, Joaquín.
_980518
852 _aES-MaACL
_jC-24170
_bR.52481
999 _c36096
_d36096